000 00630nam a22001937a 4500
005 20260507124643.0
010 _aENG-148380
020 _c100.00
_a9789381033272
035 _aEN-131912
037 _bDBAD
082 _a181.499
100 _aKrishnananda
245 _aQuotes from the Rishis/
_cKrishnananda
250 _a1
260 _aBangalore Urban
_bManasa Light Age Foundation (R)
_c2012
270 _bBangalore Urban
_aTaponagara, Chikkagubbi, (Off Hennur- Bagalur Road)
_e560.077
_k8028465280 , 9900075280
_minfo@lightagemasters.com
300 _a97p.
_c22cm(Pb)
942 _2ddc
_cEN
_h181.499
_mKRI
999 _c216089
_d216089